MLB Teams by Their Former Names - Statistics

General Stats
  • This quiz has been taken 57 times
    47 since last reset
  • The average score is 8 of 13
Answer Stats
Former Name Years Known by Former Name Answer % Correct
Indians 1915 - 2021 Cleveland Guardians
100%
Devil Rays 1998 - 2007 Tampa Bay Rays
100%
Expos 1969 - 2004 Washington Nationals
95%
Redlegs 1953 - 1958 Cincinnati Reds
71%
Americans 1901 - 1907 Boston Red Sox
63%
Colt .45s 1962 - 1964 Houston Astros
61%
Highlanders 1903 - 1912 New York Yankees
58%
Pilots 1969 Milwaukee Brewers
47%
Senators 1961 - 1971 Texas Rangers
47%
Senators 1901 - 1904; 1956 - 1960 Minnesota Twins
45%
Browns 1902 - 1953 Baltimore Orioles
42%
Bees 1936 - 1940 Atlanta Braves
37%
Robins 1916 - 1931 Los Angeles Dodgers
34%
No matching quizzes found
Score Distribution
Percent of People with Each Score
Percentile by Number Answered
Your Score History
You have not taken this quiz since the last reset